<?xml version="1.0" encoding="UTF-8"?>
<collection xmlns="http://www.loc.gov/MARC21/slim">
  <record>
    <leader>00000nam  2200000   4500</leader>
    <controlfield tag="001">INLIS000000000018301</controlfield>
    <controlfield tag="005">20240926082518</controlfield>
    <datafield tag="035" ind1="#" ind2="#">
      <subfield code="a">0010-0924000130</subfield>
    </datafield>
    <controlfield tag="007">ta</controlfield>
    <controlfield tag="008">240926###########################0######</controlfield>
    <datafield tag="245" ind1="#" ind2="#">
      <subfield code="a">KERABAT KEREN :</subfield>
      <subfield code="b">Kinerja Keren Berbasis Absensi Gigital-Keren /</subfield>
      <subfield code="c">Sri Darmayanti, SKM., M.H</subfield>
    </datafield>
    <datafield tag="260" ind1="#" ind2="#">
      <subfield code="a">Makassar :</subfield>
      <subfield code="b">Puslatbang KMP LAN RI Makassar,</subfield>
      <subfield code="c">2024</subfield>
    </datafield>
    <datafield tag="300" ind1="#" ind2="#">
      <subfield code="a">20 ;</subfield>
      <subfield code="c">30</subfield>
    </datafield>
    <datafield tag="650" ind1="#" ind2="4">
      <subfield code="a">Teknologi presensi online</subfield>
    </datafield>
    <datafield tag="700" ind1=" " ind2="#">
      <subfield code="a">dr.Sri Syamsinar Rachmah, S. Ked (Mentor)</subfield>
    </datafield>
    <datafield tag="700" ind1=" " ind2="#">
      <subfield code="a">Milawati, S.S., S.E.,M.M (Coach)</subfield>
    </datafield>
    <datafield tag="520" ind1="#" ind2="#">
      <subfield code="a">Teknologi presensi online kini telah diterapkan dibebera instansi maupun perusahaan konvensional ga keberadaan absensi sudah mulai ditingkan secara perlahan peggunaan presensi online merupakan yang Lepat bagi instansi pelayanan publik karena kehadiran pegawai tepat waktu sangat berpengaruh pada peningkatan mutu pelayanan kesehatan. Salah satu pendaman Standar Pelayanan Minimal (SPM) Rumah Sakit untuk pasien rawat jalan adalah jam buka pelayanan tepat waktu, dan untuk Rawat inap adalah ketepatan waktu kunjungan (visite) dokter keruangan perawatan.&#13;
&#13;
Aplikasi KERABAT KEREN adalah pilihan yang tepat Icirena memberikan kemudahan untuk dapat memonitor dan mengelola presensi kehadiran setiap pegawai dengan cepat dan akurat Aplikasi KERABAT KEREN hadir sebagai alat penilaian yang adil bagi performa kedisiplinan seluruh Aparatur Sipil Negara</subfield>
    </datafield>
    <datafield tag="856" ind1="#" ind2="#">
      <subfield code="a">Puslatbang KMP LAN RI Makassar</subfield>
    </datafield>
  </record>
</collection>
